| 000 | 00000nam 2200000zi 4500 |
| 001 | 9.865411 |
| 003 | CaOODSP |
| 005 | 20240730125918 |
| 006 | m o d f |
| 007 | cr cn||||||||| |
| 008 | 181129t20192019onca o f000 0 eng d |
| 020 | |a9780660287577 |
| 040 | |aCaOODSP|beng|erda|cCaOODSP |
| 043 | |an-cn--- |
| 086 | 1 |aH164-257/1-2019E-PDF |
| 245 | 00|aCanada's food guide : |beat well, live well. |
| 264 | 1|a[Ottawa] : |bHealth Canada = Santé Canada, |c[2019] |
| 264 | 4|c©2019 |
| 300 | |a1 online resource (2 unnumbered pages) : |bcolour illustrations |
| 336 | |atext|btxt|2rdacontent |
| 337 | |acomputer|bc|2rdamedia |
| 338 | |aonline resource|bcr|2rdacarrier |
| 500 | |aIssued also in French under title: Guide alimentaire canadien. Bien manger. Bien vivre. |
| 500 | |a"Pub.: 180594." |
| 500 | |aIssued also in HTML format. |
| 530 | |aIssued also in printed form. |
| 650 | 0|aDiet|zCanada. |
| 650 | 0|aNutrition|zCanada. |
| 710 | 1 |aCanada. |bHealth Canada, |eissuing body. |
| 775 | 08|tGuide alimentaire canadien : |w(CaOODSP)9.865414 |
| 775 | 08|t[Canada's food guide] : |w(CaOODSP)9.869078 |
| 775 | 08|t[Canada's food guide] : |w(CaOODSP)9.869081 |
| 775 | 08|t[Canada's food guide] : |w(CaOODSP)9.869083 |
| 775 | 08|t[Canada's food guide] : |w(CaOODSP)9.869087 |
| 775 | 08|t[Canada's food guide] : |w(CaOODSP)9.869096 |
| 775 | 08|t[Canada's food guide] : |w(CaOODSP)9.872488 |
| 775 | 08|t[Canada's food guide] : |w(CaOODSP)9.872491 |
| 775 | 08|t[Canada's food guide] : |w(CaOODSP)9.872496 |
| 775 | 08|t[Canada's food guide] : |w(CaOODSP)9.876439 |
| 775 | 08|t[Canada's food guide] : |w(CaOODSP)9.876442 |
| 775 | 08|t[Canada's food guide] : |w(CaOODSP)9.876445 |
| 775 | 08|tKānata mīciwin kiskinohtahiwēwin : |w(CaOODSP)9.869099 |
| 775 | 08|t[Canada's food guide] : |w(CaOODSP)9.869091 |
| 775 | 08|tKanataup niqikhanik maliktakhaq : |w(CaOODSP)9.869093 |
| 775 | 08|tGuida alimentare canadese : |w(CaOODSP)9.869094 |
| 775 | 08|t[Canada's food guide] : |w(CaOODSP)9.869095 |
| 775 | 08|tKanata miijim kinoomaaw-sawin : |w(CaOODSP)9.869097 |
| 775 | 08|t[Canada's food guide] : |w(CaOODSP)9.869102 |
| 775 | 08|t[Canada's food guide] : |w(CaOODSP)9.869086 |
| 775 | 08|tGuía alimentaria canadiense : |w(CaOODSP)9.869019 |
| 775 | 08|tKanadyjski poradnik żywnościowy : |w(CaOODSP)9.869100 |
| 775 | 08|tGuia alimentar do Canadá : |w(CaOODSP)9.869101 |
| 775 | 08|t[Canada's food guide] : |w(CaOODSP)9.869103 |
| 775 | 08|t[Canada's food guide] : |w(CaOODSP)9.869105 |
| 775 | 08|tGabay sa pagkain ng Canada : |w(CaOODSP)9.869104 |
| 775 | 08|t[Canada's food guide] : |w(CaOODSP)9.869106 |
| 775 | 08|t[Canada's food guide] : |w(CaOODSP)9.869098 |
| 775 | 08|tHướng dẫn về thực phẩm Canada : |w(CaOODSP)9.869107 |
| 775 | 08|t[Canada's food guide] : |w(CaOODSP)9.926687 |
| 775 | 08|t[Canada's food guide] : |w(CaOODSP)9.941264 |
| 775 | 08|t[Canada's food guide] : |w(CaOODSP)9.941270 |
| 776 | 0#|tFood guide snapshot |w(CaOODSP)9.865413 |
| 776 | 0#|tCanada's food guide : |w(CaOODSP)9.869495 |
| 856 | 40|qPDF|s1.50 MB|uhttps://publications.gc.ca/collections/collection_2019/sc-hc/H164-257-1-2019-eng.pdf |
| 856 | 4 |qHTML|sN/A|uhttps://food-guide.canada.ca/en/food-guide-snapshot |